ARRUPE JESUIT UNIVERSITY

CORONAVIRUS -STOP THE SPREAD - CLEAN,DISINFECT,COVER

Higher education and national development : (Record no. 124824)

MARC details
000 -LEADER
fixed length control field 04225cam a2200421 i 4500
001 - CONTROL NUMBER
control field 18798598
003 - CONTROL NUMBER IDENTIFIER
control field ARRUPE
005 - DATE AND TIME OF LATEST TRANSACTION
control field 20160803091410.0
008 - FIXED-LENGTH DATA ELEMENTS--GENERAL INFORMATION
fixed length control field 150929s2007 enka b 001 0 eng c
010 ## - LIBRARY OF CONGRESS CONTROL NUMBER
LC control number 2006021363
015 ## - NATIONAL BIBLIOGRAPHY NUMBER
National bibliography number GBA6A5104
Source bnb
016 7# - NATIONAL BIBLIOGRAPHIC AGENCY CONTROL NUMBER
Record control number 013339730
Source Uk
020 ## - INTERNATIONAL STANDARD BOOK NUMBER
International Standard Book Number 0415331102
Qualifying information (hbk.)
020 ## - INTERNATIONAL STANDARD BOOK NUMBER
International Standard Book Number 9780415331104
Qualifying information (hbk.)
020 ## - INTERNATIONAL STANDARD BOOK NUMBER
International Standard Book Number 0203392337
Qualifying information (ebk.)
020 ## - INTERNATIONAL STANDARD BOOK NUMBER
International Standard Book Number 9780203392331
Qualifying information (ebk.)
035 ## - SYSTEM CONTROL NUMBER
System control number (OCoLC)ocm70258870
040 ## - CATALOGING SOURCE
Original cataloging agency DLC
Language of cataloging eng
Transcribing agency DLC
Modifying agency BAKER
-- BTCTA
-- BWKUK
-- UKM
-- YDXCP
-- YDX
-- COO
-- STF
-- DEBBG
-- OCLCQ
-- UKMGB
-- OCLCF
-- OCLCQ
-- DLC
042 ## - AUTHENTICATION CODE
Authentication code pcc
050 00 - LIBRARY OF CONGRESS CALL NUMBER
Classification number LB2322.2
Item number .H516 2007
084 ## - OTHER CLASSIFICATION NUMBER
Classification number 10
Source of number ssgn
084 ## - OTHER CLASSIFICATION NUMBER
Classification number 24,2
Source of number ssgn
084 ## - OTHER CLASSIFICATION NUMBER
Classification number AL 20100
Source of number rvk
300 ## - PHYSICAL DESCRIPTION
Other physical details illustrations ;
Dimensions 24 cm
245 00 - TITLE STATEMENT
Title Higher education and national development :
Remainder of title universities and societies in transition /
Statement of responsibility, etc edited by David Bridges [and others].
260 ## - PUBLICATION, DISTRIBUTION, ETC. (IMPRINT)
Place of publication, distribution, etc London
Name of publisher, distributor, etc Routledge
Date of publication, distribution, etc 2007
300 ## - PHYSICAL DESCRIPTION
Extent xiii, 322 pages :
504 ## - BIBLIOGRAPHY, ETC. NOTE
Bibliography, etc Includes bibliographical references and index.
505 0# - FORMATTED CONTENTS NOTE
Formatted contents note Contributors -- Acknowledgements -- Introduction -- David Bridges and Terence McLaughlin -- PART ONE -- UNIVERSITIES, SOCIETIES AND TRANSITIONS: -- SETTING THE SCENE 1 -- 1 Comparing and Transferring: Visions, Politics, and Universities -- Robert Cowen -- 2 Conceptions of the University and the Demands -- of Contemporary Societies -- Richard Smith -- PART TWO -- UNIVERSITIES AND TRANSITIONS IN CONCEPTIONS OF SOCIETY -- 3 The Development of Higher Education for the Knowledge Society -- and the Knowledge Economy -- Palmira Juceviciene and Rimantas Vaitkus -- 4 The Role of the University in the Development of the Learning Society -- Palmira Juceviciene -- 5 The Concept of the 'Intelligent Country' -- Robertas Jucevicius -- PART THREE -- UNIVERSITIES AND ECONOMIC DEVELOPMENT -- 6 Concepts of Development: the Role of Education -- Flavio Comim -- 7 The Role of the University in Regional Economic Development -- David Bridges -- 8 Regional Universities in the Baltic Sea Region: -- Higher Education and Regional Development -- Kazimierz Musial -- PART FOUR -- UNIVERSITIES AND THE DEMANDS OF THE ECONOMY -- 9 The Role of Higher Education in National Innovation Systems -- in Central and Eastern Europe -- Slavo RadoA evic and Monika Kriaucioniene -- 10 Bridging Knowledge and Economy: Technology Transfer -- and Higher Education -- Arunas LukoA evicius -- 11 The Changing Requirements for Business Management and -- Business Education in the 'Countries in Transition' -- -- Combining Cultural and Institutional Perspectives -- Giedrius Jucevicius -- 12 Competence Development for the Knowledge-Driven Economy -- Daiva Lepaite -- 13 Concepts of a Service University -- Arild Tjeldvoll and Aukse BlaA enaite -- PART FIVE -- UNIVERSITIES AND SOCIAL, CIVIC AND ETHICAL DEMANDS -- 14 Higher Education as an Agent of Social Innovation -- Brigita Janiunaite and Dalija Gudaityte -- 15 The Role of the University in Community Development: -- Responding to the Challenges of Globalization -- Irena Leliugiene and Viktorija BarA auskiene -- 16 Higher Education and its Contribution to Public Health: -- Tackling Health Inequalities Through Health Policy Development -- in Lithuania -- Vilius Grabauskas -- 17 Spirituality and Citizenship in Higher Education -- Hanan A. Alexander -- 18 Higher Education, Scientific Research and Social Change 452 -- Sir Brian Heap -- PART SIX -- UNIVERSITIES, SOCIETIES AND TRANSITIONS -- IN PERSPECTIVE -- 19 The Audit and 'Embrace' of Quality in a Higher Education System -- Under Change -- Barbara Zamorski -- 20 Universities and Societies: Traditions, Transitions and Tensions 498 -- Terence McLaughlin -- Index.
650 #0 - SUBJECT ADDED ENTRY--TOPICAL TERM
Topical term or geographic name as entry element Education, Higher.
9 (RLIN) 24524
650 #0 - SUBJECT ADDED ENTRY--TOPICAL TERM
Topical term or geographic name as entry element Educational change.
9 (RLIN) 24525
650 #0 - SUBJECT ADDED ENTRY--TOPICAL TERM
Topical term or geographic name as entry element Education
General subdivision Aims and objectives.
9 (RLIN) 15012
700 1# - ADDED ENTRY--PERSONAL NAME
Personal name Bridges, David,
Dates associated with a name 1941-
9 (RLIN) 24526
856 41 - ELECTRONIC LOCATION AND ACCESS
Materials specified Table of contents
Uniform Resource Identifier <a href="http://catdir.loc.gov/catdir/toc/ecip0616/2006021363.html">http://catdir.loc.gov/catdir/toc/ecip0616/2006021363.html</a>
856 41 - ELECTRONIC LOCATION AND ACCESS
Materials specified Table of contents
Uniform Resource Identifier <a href="http://content.ub.hu-berlin.de/monographs/toc/hochschulwesen/BV022446936.pdf">http://content.ub.hu-berlin.de/monographs/toc/hochschulwesen/BV022446936.pdf</a>
Public note kostenfrei
906 ## - LOCAL DATA ELEMENT F, LDF (RLIN)
a 7
b cbc
c pccadap
d 2
e epcn
f 20
g y-gencatlg
942 ## - ADDED ENTRY ELEMENTS (KOHA)
Source of classification or shelving scheme Library of Congress Classification
Koha item type Monograph ( Printed materials)
Holdings
Withdrawn status Lost status Source of classification or shelving scheme Damaged status Not for loan Collection code Home library Current library Shelving location Date acquired Total Checkouts Full call number Barcode Date last seen Date checked out Price effective from Koha item type
    Library of Congress Classification     Main Collection ARRUPE LIBRARY ARRUPE LIBRARY Main Collection 03/08/2016 1 LB2322.2 .H516 2007 46500009286 28/06/2018 22/08/2016 03/08/2016 Monograph ( Printed materials)

 

Arrupe Library. PO Box MP320 Mt Pleasant, Harare, Zimbabwe
263 242 745411|librarian@aju.ac.zw